Statistics for Armenia, Azerbaijan or Georgia

Click here to take the quiz!

General Stats

  • This quiz has been taken 2,266 times
    (2,261 since last reset)
  • The average score is 14 of 21

Answer Stats

QuestionAnswer% Correct
Is the smallestArmenia
91%
Its capital does not include the letter A.Georgia
90%
Has crosses on its flag.Georgia
90%
Has an exclave called Nakhchivan split from the main country by Armenia.Azerbaijan
88%
Joseph Stalin was born there.Georgia
88%
People of this country's ethnicity were victim to a genocide in the Ottoman Empire during the First World War.Armenia
87%
Does not border RussiaArmenia
83%
Borders the Caspian Sea.Azerbaijan
83%
Its name in its own language is Sakartvelo.Georgia
78%
Most surnames of citizens of this country end in -shvili or -dze.Georgia
75%
Its capital is located on a peninsula and is the national capital with the lowest elevation.Azerbaijan
73%
ա, բ, գ, դ and ե are the first five letters of which country's alphabet?Armenia
66%
The the disputed territory of Nagorno-Karabakh (a.k.a. Artsakh) is internationally recognized as part of this country.Azerbaijan
65%
Borders Turkey.All
64%
Has the highest GDP (PPP) per capita.Azerbaijan
61%
Has a Grands Prix.Azerbaijan
57%
Has the least ethnic diversity.Armenia
54%
Has a reservoir with a capacity of more than 15 km³.Azerbaijan
43%
Borders four countriesArmenia and Georgia
36%
The largest body of water in the Caucasus is in...Armenia
31%
Reached independence from the USSR first.Georgia
29%

Score Distribution

Percentile by Number Answered

Percent of People with Each Score

Your Score History

You have not taken this quiz since the last reset